[Event "Dubai Police op-A"]
[Site "Dubai"]
[Date "2024.05.09"]
[Round "6"]
[White "Rathanvel, VS."]
[Black "Liu, Yan"]
[Result "1/2-1/2"]
[WhiteElo "2472"]
[BlackElo "2576"]
[PlyCount "67"]
[EventDate "2024.05.04"]
[EventType "swiss"]
[EventRounds "9"]
[EventCountry "UAE"]
[SourceTitle "CB20_2024"]
[SourceDate "2024.05.16"]
[SourceVersion "1"]
[SourceVersionDate "2024.05.16"]
[SourceQuality "1"]

1. e4 c5 2. Nf3 d6 3. d4 cxd4 4. Nxd4 Nf6 5. Nc3 a6 6. Qd3 Nbd7 7. Be2 Nc5 8. Qe3 e5 9. Nb3 Ne6 10. Bd2 Bd7 11. g3 Bc6 12. 0-0-0 Be7 13. f4 a5 14. a4 h5 15. Rhg1 Nd7 16. f5 Nec5 17. Nxc5 Nxc5 18. b3 Qb6 19. Bc4 Nd7 20. Qe2 Nf6 21. Bg5 Ng4 22. Bxe7 Kxe7 23. Rge1 Qf2 24. Qd3 Qc5 25. Rd2 Nf6 26. h3 Rhg8 27. Qf3 g5 28. fxg6 Rxg6 29. Rf1 Rf8 30. Kb1 Qb4 31. Rdf2 Qc5 32. Rd2 Qb4 33. Rdf2 Qc5 34. Rd2 1/2-1/2

[Event "Dubai Police op-A"]
[Site "Dubai"]
[Date "2024.05.07"]
[Round "4"]
[White "Liu, Yan"]
[Black "Artemiev, Vladislav"]
[Result "0-1"]
[WhiteElo "2576"]
[BlackElo "2705"]
[PlyCount "108"]
[EventDate "2024.05.04"]
[EventType "swiss"]
[EventRounds "9"]
[EventCountry "UAE"]
[SourceTitle "CB20_2024"]
[SourceDate "2024.05.16"]
[SourceVersion "1"]
[SourceVersionDate "2024.05.16"]
[SourceQuality "1"]

1. Nf3 c5 2. c4 Nf6 3. g3 d5 4. cxd5 Nxd5 5. Bg2 Nc6 6. Nc3 Nc7 7. a3 g6 8. b4 cxb4 9. axb4 Bg7 10. Ba3 a6 11. 0-0 0-0 12. Rc1 Nb5 13. Bb2 Nd6 14. Qa4 Bg4 15. d3 Nb5 16. Ba1 Bxc3 17. Bxc3 Bxf3 18. Bxf3 Ncd4 19. Bxd4 Nxd4 20. Kg2 Nxf3 21. exf3 Rc8 22. Rxc8 Qxc8 23. b5 Qd7 24. Qb4 Qxb5 25. Qxb5 axb5 26. Rb1 Rb8 27. Rxb5 Kf8 28. f4 e6 29. Kf3 Ke7 30. Ke4 Kd6 31. d4 Kc6 32. Rc5+ Kd6 33. Rb5 b6 34. d5 exd5+ 35. Rxd5+ Kc6 36. Re5 Rd8 37. f5 g5 38. Re7 Rd7 39. Re8 b5 40. Ke5 b4 41. Kf6 g4 42. Re4 b3 43. Rc4+ Kb5 44. Rc1 Kb4 45. Rb1 Kc3 46. f3 gxf3 47. Rf1 b2 48. Rxf3+ Kc2 49. Rf2+ Kc1 50. Rxb2 Kxb2 51. g4 Kc3 52. g5 Kd4 53. h4 Ke4 54. h5 Rd6+ 0-1

[Event "Dubai Police op-A"]
[Site "Dubai"]
[Date "2024.05.05"]
[Round "2"]
[White "Nitish, Belurkar"]
[Black "Liu, Yan"]
[Result "1/2-1/2"]
[WhiteElo "2451"]
[BlackElo "2576"]
[PlyCount "78"]
[EventDate "2024.05.04"]
[EventType "swiss"]
[EventRounds "9"]
[EventCountry "UAE"]
[SourceTitle "CB20_2024"]
[SourceDate "2024.05.16"]
[SourceVersion "1"]
[SourceVersionDate "2024.05.16"]
[SourceQuality "1"]

1. e4 c5 2. Nf3 d6 3. Bb5+ Nd7 4. c3 a6 5. Ba4 Ngf6 6. Qe2 e6 7. 0-0 b5 8. Bc2 c4 9. b3 Qc7 10. bxc4 bxc4 11. a4 Bb7 12. a5 d5 13. e5 Ne4 14. d3 cxd3 15. Bxd3 Nxe5 16. Nxe5 Qxe5 17. Bb5+ Kd8 18. Bd3 Bd6 19. f4 Bc5+ 20. Kh1 Qf6 21. Bxe4 dxe4 22. Ba3 Rc8 23. Nd2 Bxa3 24. Rxa3 Ke7 25. Rb3 Rc7 26. Nxe4 Bxe4 27. Qxe4 Qf5 28. Qxf5 exf5 29. Re1+ Kd7 30. Rd1+ Ke7 31. Re1+ Kd7 32. Rd1+ Ke7 33. Rb6 Rd8 34. Rd2 Rdd7 35. Rxd7+ Kxd7 36. Rxa6 Kd8 37. g3 Rxc3 38. Ra8+ Ke7 39. a6 Rc2 1/2-1/2

[Event "Dubai Police op-A"]
[Site "Dubai"]
[Date "2024.05.04"]
[Round "1"]
[White "Liu, Yan"]
[Black "Munguntuul, Batkhuyag"]
[Result "1-0"]
[WhiteElo "2576"]
[BlackElo "2383"]
[PlyCount "85"]
[EventDate "2024.05.04"]
[EventType "swiss"]
[EventRounds "9"]
[EventCountry "UAE"]
[SourceTitle "CB20_2024"]
[SourceDate "2024.05.16"]
[SourceVersion "1"]
[SourceVersionDate "2024.05.16"]
[SourceQuality "1"]

1. c4 c6 2. Nf3 d5 3. d4 Nf6 4. e3 Bf5 5. Nc3 e6 6. Nh4 Be4 7. f3 Bg6 8. Qb3 Qc7 9. Bd2 Be7 10. 0-0-0 dxc4 11. Qxc4 a6 12. Nxg6 hxg6 13. Kb1 b5 14. Qe2 Nbd7 15. g4 b4 16. Ne4 c5 17. Nxc5 Nxc5 18. Rc1 Qb6 19. dxc5 Bxc5 20. Qc4 Nd7 21. h4 0-0 22. h5 Bxe3 23. Qd3 Bxd2 24. Qxd2 Ne5 25. Qf4 f6 26. hxg6 Rfd8 27. Qh2 Nxg6 28. Bc4 Qd6 29. Qe2 Ne5 30. Bb3 Rac8 31. Rxc8 Rxc8 32. f4 Qc6 33. Rd1 Nc4 34. f5 Kf8 35. fxe6 Ke7 36. Rd7+ Ke8 37. a4 Ne5 38. Rxg7 Qh1+ 39. Bd1 Rc6 40. Qd2 Rxe6 41. Ka2 Kf8 42. Rc7 Nf7 43. Qd7 1-0

[Event "CHN-chT Div A Finals"]
[Site "Nanjing"]
[Date "2023.12.06"]
[Round "5.1"]
[White "Liu, Yan"]
[Black "Wen, Yang"]
[Result "0-1"]
[WhiteElo "2579"]
[BlackElo "2574"]
[PlyCount "202"]
[EventDate "2023.12.02"]
[EventType "team-tourn"]
[EventRounds "10"]
[EventCountry "CHN"]
[SourceTitle "CB50_2023"]
[SourceDate "2023.12.13"]
[SourceVersion "1"]
[SourceVersionDate "2023.12.13"]
[SourceQuality "1"]
[WhiteTeam "Chongqing Sports Lottery"]
[BlackTeam "Hangzhou Bank"]
[WhiteTeamCountry "CHN"]
[BlackTeamCountry "CHN"]

1. c4 Nf6 2. Nf3 e6 3. Nc3 d5 4. e3 c5 5. cxd5 exd5 6. Bb5+ Nc6 7. Ne5 Bd7 8. Bxc6 bxc6 9. 0-0 Bd6 10. Nxd7 Nxd7 11. d3 0-0 12. e4 Nb6 13. a4 a5 14. exd5 Nxd5 15. Ne4 Be5 16. Rb1 Re8 17. g3 Bd4 18. Bd2 Nb4 19. Bxb4 cxb4 20. Re1 Re6 21. Qf3 Qd5 22. b3 Rae8 23. Kf1 Rd8 24. Re2 Bb6 25. Nd2 Rxe2 26. Kxe2 Qe5+ 27. Kf1 Qc3 28. Nc4 Bxf2 29. Kg2 Bd4 30. Rf1 Bf6 31. Nxa5 h5 32. Nxc6 Rxd3 33. Qe4 Re3 34. Qd5 Qxb3 35. Qxb3 Rxb3 36. a5 Rb2+ 37. Rf2 Rxf2+ 38. Kxf2 b3 39. a6 b2 40. a7 b1Q 41. a8Q+ Kh7 42. Qe8 Qc2+ 43. Kg1 Qd1+ 44. Kf2 Qc2+ 45. Kg1 h4 46. Qd7 Bg5 47. Kf1 Qe4 48. gxh4 Bxh4 49. Nd4 Qh1+ 50. Ke2 Qxh2+ 51. Kd3 Qg3+ 52. Kc4 Qf4 53. Qh3 g6 54. Kd5 Kg7 55. Qd7 Qg5+ 56. Kc4 Qe5 57. Kd3 Bf2 58. Nb5 Bc5 59. Nc7 Qe7 60. Qc8 Qe3+ 61. Kc4 Be7 62. Ne8+ Kh6 63. Nc7 Qc5+ 64. Kd3 Kg5 65. Qb7 Qf5+ 66. Kd2 Bd6 67. Nd5 Qf2+ 68. Kd3 Qf3+ 69. Kd4 Qd1+ 70. Kc4 Qf1+ 71. Kd4 f6 72. Qf7 Be5+ 73. Kc5 Qc1+ 74. Kb5 Qb1+ 75. Kc5 Qa2 76. Kb5 Bd4 77. Kb4 Qa7 78. Nc7 Qc5+ 79. Ka4 Qc2+ 80. Kb5 Qd3+ 81. Ka4 Be5 82. Ne6+ Kg4 83. Nc5 Qc2+ 84. Kb5 Qe2+ 85. Kb6 g5 86. Qe6+ f5 87. Kc6 Qf3+ 88. Kb5 Bf4 89. Qd7 Be3 90. Nd3 Qe4 91. Nb4 Kg3 92. Qd1 Bf2 93. Qb3+ Kg2 94. Qf7 g4 95. Nd5 Bd4 96. Ne7 f4 97. Ng6 f3 98. Nf4+ Kg3 99. Nh5+ Kf2 100. Nf4 Be5 101. Qa7+ Kf1 0-1

[Event "CHN-chT Div A Finals"]
[Site "Nanjing"]
[Date "2023.12.05"]
[Round "4.1"]
[White "Wen, Yang"]
[Black "Liu, Yan"]
[Result "1/2-1/2"]
[WhiteElo "2574"]
[BlackElo "2579"]
[PlyCount "59"]
[EventDate "2023.12.02"]
[EventType "team-tourn"]
[EventRounds "10"]
[EventCountry "CHN"]
[SourceTitle "CB50_2023"]
[SourceDate "2023.12.13"]
[SourceVersion "1"]
[SourceVersionDate "2023.12.13"]
[SourceQuality "1"]
[WhiteTeam "Hangzhou Bank"]
[BlackTeam "Chongqing Sports Lottery"]
[WhiteTeamCountry "CHN"]
[BlackTeamCountry "CHN"]

1. e4 e5 2. Nf3 Nf6 3. Nxe5 d6 4. Nf3 Nxe4 5. d4 d5 6. Bd3 Bf5 7. 0-0 Be7 8. Re1 Nc6 9. Nbd2 Nxd2 10. Qxd2 Bg6 11. Bxg6 hxg6 12. Qd3 Qd7 13. Bg5 0-0 14. Bxe7 Nxe7 15. Ne5 Qd6 16. g3 Nc6 17. Nf3 Rfe8 18. Kg2 a6 19. h4 Qd7 20. c3 Rxe1 21. Rxe1 Re8 22. Re3 Re7 23. Qe2 Rxe3 24. Qxe3 a5 25. a4 b6 26. b3 Qe7 27. Qf4 Qd7 28. Qe3 Qe7 29. Qf4 Qd7 30. Qe3 1/2-1/2

[Event "Danzhou 14th"]
[Site "Danzhou"]
[Date "2023.11.16"]
[Round "1"]
[White "Ma, Qun"]
[Black "Liu, Yan"]
[Result "1-0"]
[WhiteElo "2653"]
[BlackElo "2579"]
[PlyCount "97"]
[EventDate "2023.11.16"]
[EventType "tourn (rapid)"]
[EventRounds "7"]
[EventCountry "CHN"]
[EventCategory "15"]
[SourceTitle "CB47_2023"]
[SourceDate "2023.11.22"]
[SourceVersion "1"]
[SourceVersionDate "2023.11.22"]
[SourceQuality "1"]

1. e4 e5 2. Nf3 Nf6 3. Nxe5 d6 4. Nf3 Nxe4 5. d4 d5 6. Bd3 Bf5 7. 0-0 Be7 8. Re1 0-0 9. Nbd2 Nd6 10. Nf1 c6 11. Bf4 Bxd3 12. Qxd3 Na6 13. h4 Nc7 14. Ng5 Bxg5 15. Bxg5 f6 16. Bf4 Qd7 17. Ne3 Rfe8 18. Re2 Ne6 19. Bxd6 Qxd6 20. Nf5 Qd7 21. Qh3 Nf8 22. Rae1 Rxe2 23. Rxe2 g6 24. Nh6+ Kg7 25. Qe3 Qe6 26. Qxe6 Nxe6 27. Rxe6 Kxh6 28. Rxf6 Re8 29. Rf7 Re1+ 30. Kh2 Re2 31. g4 g5 32. Rf6+ Kg7 33. hxg5 h6 34. Rf5 Rxc2 35. Kg3 Rxb2 36. f4 hxg5 37. Rxg5+ Kf6 38. Rf5+ Kg6 39. Re5 Rxa2 40. Re6+ Kf7 41. f5 a5 42. g5 Ra1 43. g6+ Kf8 44. Kf4 Rg1 45. Rf6+ Kg8 46. Rf7 a4 47. Rxb7 a3 48. Ra7 Re1 49. f6 1-0

[Event "Biel HTO 56th"]
[Site "Biel"]
[Date "2023.07.25"]
[Round "8"]
[White "Quesada Perez, Luis Ernesto"]
[Black "Liu, Yan"]
[Result "1/2-1/2"]
[WhiteElo "2553"]
[BlackElo "2542"]
[PlyCount "84"]
[EventDate "2023.07.17"]
[EventType "swiss"]
[EventRounds "10"]
[EventCountry "SUI"]
[SourceTitle "CBM 215 Extra"]
[Source "ChessBase"]
[SourceDate "2023.09.30"]
[SourceVersion "1"]
[SourceVersionDate "2023.09.30"]
[SourceQuality "1"]

1. d4 Nf6 2. c4 e6 3. Nf3 b6 4. g3 Bb7 5. Bg2 Bb4+ 6. Bd2 c5 7. Bxb4 cxb4 8. 0-0 0-0 9. Nbd2 d6 10. Qb3 a5 11. a3 bxa3 12. bxa3 Nbd7 13. Rfc1 Qc7 14. Ne1 Bxg2 15. Nxg2 e5 16. Nf3 exd4 17. Nxd4 Qc5 18. Rd1 a4 19. Qb5 Ra5 20. Qxc5 Rxc5 21. Ne3 g6 22. Nf3 Ne4 23. Rd4 f5 24. Nd2 Nxd2 25. Rxd2 Ne5 26. Rd4 Rfc8 27. Rxd6 Nxc4 28. Nxc4 Rxc4 29. Rxb6 Rc1+ 30. Rxc1 Rxc1+ 31. Kg2 Rc3 32. Rb8+ Kg7 33. Rb7+ Kg8 34. h4 h5 35. e3 Rxa3 36. Ra7 Ra2 37. Kf3 Kf8 38. Kf4 Rxf2+ 39. Kg5 Rf3 40. Kxg6 Rxg3+ 41. Kxf5 Rxe3 42. Rxa4 Kg7 1/2-1/2

[Event "Biel HTO 56th"]
[Site "Biel"]
[Date "2023.07.24"]
[Round "7"]
[White "Liu, Yan"]
[Black "Vantika, Agrawal"]
[Result "1-0"]
[WhiteElo "2542"]
[BlackElo "2428"]
[PlyCount "103"]
[EventDate "2023.07.17"]
[EventType "swiss"]
[EventRounds "10"]
[EventCountry "SUI"]
[SourceTitle "CBM 215 Extra"]
[Source "ChessBase"]
[SourceDate "2023.09.30"]
[SourceVersion "1"]
[SourceVersionDate "2023.09.30"]
[SourceQuality "1"]

1. c4 Nf6 2. Nf3 g6 3. g3 Bg7 4. Bg2 0-0 5. d4 d6 6. 0-0 c5 7. dxc5 dxc5 8. Ne5 Qd4 9. Nd3 Qxc4 10. Na3 Qg4 11. h3 Qh5 12. g4 Bxg4 13. hxg4 Nxg4 14. Bf4 Nc6 15. Rc1 g5 16. Rxc5 f5 17. Bg3 Rad8 18. e3 Qf7 19. Qe2 Qe6 20. Nb5 Nd4 21. Nxd4 Bxd4 22. Rc2 Bb6 23. Nc5 Bxc5 24. Rxc5 b6 25. Qc4 Qxc4 26. Rxc4 Rd2 27. Bf3 h5 28. Rd1 Rfd8 29. Rxd2 Rxd2 30. Rc7 Kf7 31. Rxa7 h4 32. Bxg4 fxg4 33. Bc7 Rxb2 34. Ra4 g3 35. fxg3 h3 36. a3 b5 37. Re4 Ra2 38. g4 Rxa3 39. Kh2 Ra4 40. Re5 Rxg4 41. Kxh3 Rc4 42. Bb6 b4 43. Bd4 Ke8 44. Kg4 Kd7 45. Rc5 Rxc5 46. Bxc5 b3 47. Bd4 Kc6 48. e4 Kb5 49. Kxg5 Kc4 50. Ba1 Kd3 51. e5 Ke4 52. Kg6 1-0

[Event "Benasque op 42nd"]
[Site "Benasque"]
[Date "2023.07.13"]
[Round "9"]
[White "Liu, Yan"]
[Black "Sokolovsky, Yahli"]
[Result "1-0"]
[WhiteElo "2542"]
[BlackElo "2461"]
[PlyCount "81"]
[EventDate "2023.07.05"]
[EventType "swiss"]
[EventRounds "9"]
[EventCountry "ESP"]
[SourceTitle "EXT 2024"]
[Source "ChessBase"]
[SourceDate "2023.10.10"]
[SourceVersion "1"]
[SourceVersionDate "2023.10.10"]
[SourceQuality "1"]

1. c4 Nf6 2. Nf3 g6 3. g3 Bg7 4. Bg2 d6 5. 0-0 0-0 6. Nc3 e5 7. d3 a5 8. Rb1 Re8 9. b3 Nc6 10. e3 Bf5 11. h3 Qc8 12. Kh2 h6 13. e4 Bd7 14. Be3 g5 15. Ng1 Ne7 16. Nge2 Ng6 17. d4 exd4 18. Nxd4 g4 19. h4 Ne5 20. Nd5 Qd8 21. Qc2 c5 22. Nxf6+ Qxf6 23. Nf5 Ng6 24. Kg1 Re5 25. Rbd1 Bf8 26. h5 Bxf5 27. exf5 Ne7 28. Bf4 Nxf5 29. Bxe5 dxe5 30. Qe4 Bd6 31. Qxg4+ Kh8 32. Qf3 e4 33. Qxe4 Nd4 34. Rfe1 Rg8 35. Rd3 Rg5 36. Qxb7 Kg7 37. Qa8 Nc2 38. Re8 Qa1+ 39. Bf1 Bxg3 40. Rg8+ Kh7 41. Rxg3 1-0

[Event "Benasque op 42nd"]
[Site "Benasque"]
[Date "2023.07.08"]
[Round "5"]
[White "Dardha, Daniel"]
[Black "Liu, Yan"]
[Result "1-0"]
[WhiteElo "2600"]
[BlackElo "2542"]
[PlyCount "185"]
[EventDate "2023.07.05"]
[EventType "swiss"]
[EventRounds "9"]
[EventCountry "ESP"]
[SourceTitle "EXT 2024"]
[Source "ChessBase"]
[SourceDate "2023.10.10"]
[SourceVersion "1"]
[SourceVersionDate "2023.10.10"]
[SourceQuality "1"]

1. Nf3 Nf6 2. c4 b6 3. d4 e6 4. g3 Bb7 5. Bg2 Bb4+ 6. Bd2 c5 7. Bxb4 cxb4 8. 0-0 0-0 9. Qd3 d6 10. Nbd2 Qc7 11. e4 e5 12. Ne1 a5 13. Nc2 Re8 14. b3 Nc6 15. Rfe1 Nxd4 16. Nxd4 exd4 17. Nf1 a4 18. Rad1 axb3 19. axb3 Nd7 20. Qxd4 Nc5 21. Qxd6 Qxd6 22. Rxd6 Re6 23. e5 Bxg2 24. Kxg2 h6 25. Ne3 Rxe5 26. Rxb6 Ra2 27. Rb5 f6 28. Kg1 Nxb3 29. Rb1 Nd2 30. Rxe5 Nf3+ 31. Kf1 Nxe5 32. Rxb4 Rxf2+ 33. Kxf2 Nd3+ 34. Kf3 Nxb4 35. Ke4 Kf7 36. Nd5 Nc6 37. c5 h5 38. Nf4 g5 39. Nxh5 Kg6 40. g4 f5+ 41. Kd5 Nb4+ 42. Kc4 Nc6 43. Kd5 Nb4+ 44. Ke6 fxg4 45. Ng3 Kg7 46. Kf5 Nd3 47. c6 Nb4 48. c7 Nd5 49. c8N Kh6 50. Nd6 Ne3+ 51. Ke4 Ng2 52. Ndf5+ Kg6 53. Ne3 Nf4 54. Nxg4 Nh3 55. Ne5+ Kf6 56. Nd3 g4 57. Ke3 Kg5 58. Ne5 Kh4 59. Ne4 Ng1 60. Kf2 Nh3+ 61. Kf1 Nf4 62. Nf2 Ne6 63. Nexg4 Nd4 64. Kg2 Ne2 65. Ne3 Nd4 66. Nd3 Ne2 67. Nf5+ Kg4 68. Ng3 Nd4 69. Ne5+ Kf4 70. Nd3+ Kg4 71. Ne1 Ne6 72. Ne2 Ng5 73. Nd3 Ne6 74. Ne5+ Kh4 75. Nf3+ Kg4 76. h3+ Kh5 77. Kg3 Nc5 78. Nf4+ Kh6 79. Kg4 Ne4 80. h4 Kg7 81. Ng5 Nd6 82. Nh5+ Kg6 83. Ng3 Nc4 84. Kf4 Kh6 85. Nf7+ Kh7 86. Nf5 Nb2 87. Ne5 Nd1 88. h5 Nf2 89. Kf3 Nd1 90. Nd7 Nb2 91. Nf6+ Kh8 92. h6 Nd3 93. Ne7 1-0

[Event "CHN-chT DivA"]
[Site "Fuling"]
[Date "2023.06.16"]
[Round "10.4"]
[White "Liu, Yan"]
[Black "Xiang, Zeyu"]
[Result "1-0"]
[WhiteElo "2545"]
[BlackElo "2397"]
[PlyCount "57"]
[EventDate "2023.06.05"]
[EventType "team-tourn"]
[EventRounds "11"]
[EventCountry "CHN"]
[SourceTitle "CBM 214 Extra"]
[Source "ChessBase"]
[SourceDate "2023.07.31"]
[SourceVersion "1"]
[SourceVersionDate "2023.07.31"]
[SourceQuality "1"]
[WhiteTeam "Chongqing Sports Lottery"]
[BlackTeam "Hangzhou"]
[WhiteTeamCountry "CHN"]
[BlackTeamCountry "CHN"]

1. c4 e6 2. g3 d5 3. Bg2 d4 4. d3 c5 5. e3 Nf6 6. f4 e5 7. fxe5 Nfd7 8. Qe2 Be7 9. Nf3 Nc6 10. exd4 cxd4 11. e6 fxe6 12. 0-0 e5 13. Nbd2 0-0 14. Ne4 h6 15. Bd2 a5 16. Nfg5 Bxg5 17. Nxg5 Nf6 18. Ne4 Nxe4 19. Bxe4 Be6 20. Qh5 Qe8 21. Rxf8+ Kxf8 22. Bg6 Qe7 23. Bxh6 gxh6 24. Qxh6+ Kg8 25. Rf1 Re8 26. Bxe8 Qxe8 27. Qg5+ Kh8 28. Rf6 Bg8 29. Qh6+ 1-0

[Event "CHN-chT DivA"]
[Site "Fuling"]
[Date "2023.06.08"]
[Round "4.6"]
[White "Xu, Xiangyu"]
[Black "Liu, Yan"]
[Result "1/2-1/2"]
[WhiteElo "2603"]
[BlackElo "2545"]
[PlyCount "195"]
[EventDate "2023.06.05"]
[EventType "team-tourn"]
[EventRounds "11"]
[EventCountry "CHN"]
[SourceTitle "CBM 214 Extra"]
[Source "ChessBase"]
[SourceDate "2023.07.31"]
[SourceVersion "1"]
[SourceVersionDate "2023.07.31"]
[SourceQuality "1"]
[WhiteTeam "Chengdu"]
[BlackTeam "Chongqing Sports Lottery"]
[WhiteTeamCountry "CHN"]
[BlackTeamCountry "CHN"]

1. d4 Nf6 2. Bf4 d5 3. e3 e6 4. Nf3 Bd6 5. Ne5 0-0 6. Nd2 c5 7. c3 Qc7 8. Bd3 b6 9. Qe2 Nbd7 10. Ndf3 c4 11. Bc2 Bb7 12. h4 b5 13. a3 a5 14. Rh3 Ne4 15. Ng5 h6 16. Nxd7 Qxd7 17. f3 Bxf4 18. exf4 Nf6 19. Qe5 Ra6 20. Kd2 Qd6 21. Rhh1 Nd7 22. Qxd6 Rxd6 23. Nh3 Re8 24. g4 Kf8 25. Rhe1 Rb6 26. h5 b4 27. axb4 axb4 28. Ba4 Rd8 29. g5 bxc3+ 30. bxc3 Rb2+ 31. Bc2 Ra8 32. Rxa8+ Bxa8 33. Nf2 Bc6 34. Kc1 Ra2 35. Kb1 Ra6 36. Ng4 Ba4 37. Bxa4 Rxa4 38. gxh6 gxh6 39. f5 exf5 40. Nxh6 Ra6 41. Nxf5 Rf6 42. Ne3 Nb6 43. Rf1 Re6 44. Rg1 Na4 45. Nxd5 Rd6 46. h6 Rxh6 47. Rc1 Rh5 48. Ne3 Rh3 49. Ka2 Rxf3 50. Nd5 Rd3 51. Ka3 Nxc3 52. Nxc3 Rxd4 53. Kb4 Kg7 54. Kc5 Rg4 55. Kd5 Kg6 56. Ne2 Rg5+ 57. Kxc4 Kg7 58. Kd4 Ra5 59. Ke4 Ra4+ 60. Kf5 Ra5+ 61. Kg4 Ra4+ 62. Nf4 Kf6 63. Rc5 Ra1 64. Rf5+ Ke7 65. Rh5 Ra4 66. Rh6 Ra5 67. Kf3 Ra4 68. Nd5+ Kf8 69. Rb6 Kg7 70. Nf6 Kf8 71. Ne4 Kg7 72. Kf4 Ra1 73. Ng3 Ra4+ 74. Kg5 f6+ 75. Kf5 Ra5+ 76. Kf4 Kg6 77. Rb2 Ra1 78. Rf2 Ra5 79. Rf1 Rb5 80. Rg1 Rg5 81. Rg2 Kf7 82. Ra2 Kg6 83. Ra6 Rb5 84. Ne4 Rf5+ 85. Ke3 Rf1 86. Rb6 Re1+ 87. Kf3 Rf1+ 88. Ke2 Rf4 89. Ke3 Rf1 90. Ng3 Ra1 91. Kf4 Ra5 92. Rb4 Ra1 93. Kg4 Ra5 94. Ne2 Rg5+ 95. Kf3 Ra5 96. Ng3 Ra3+ 97. Kg4 Ra5 98. Kf3 1/2-1/2

[Event "CHN-chT DivA"]
[Site "Fuling"]
[Date "2023.06.06"]
[Round "2.5"]
[White "Wen, Yang"]
[Black "Liu, Yan"]
[Result "1/2-1/2"]
[WhiteElo "2581"]
[BlackElo "2545"]
[PlyCount "47"]
[EventDate "2023.06.05"]
[EventType "team-tourn"]
[EventRounds "11"]
[EventCountry "CHN"]
[SourceTitle "CBM 214 Extra"]
[Source "ChessBase"]
[SourceDate "2023.07.31"]
[SourceVersion "1"]
[SourceVersionDate "2023.07.31"]
[SourceQuality "1"]
[WhiteTeam "Hangzhou Bank"]
[BlackTeam "Chongqing Sports Lottery"]
[WhiteTeamCountry "CHN"]
[BlackTeamCountry "CHN"]

1. e4 e5 2. Nf3 Nf6 3. Nxe5 d6 4. Nf3 Nxe4 5. d4 d5 6. Bd3 Bf5 7. 0-0 Be7 8. Re1 0-0 9. Nbd2 Nd6 10. Nf1 c6 11. Bf4 Bxd3 12. Qxd3 Na6 13. h4 Nc7 14. Ng5 Bxg5 15. Bxg5 f6 16. Bf4 Qd7 17. Ng3 Rfe8 18. Bxd6 Qxd6 19. Nf5 Qd7 20. Qh3 Kf8 21. Qa3+ Kg8 22. Qh3 Kf8 23. Qa3+ Kg8 24. Qh3 1/2-1/2

[Event "Shaoxing Hua Yi Rapid Cup 2nd"]
[Site "Shaoxing"]
[Date "2023.05.29"]
[Round "1.3"]
[White "Liu, Yan"]
[Black "Xu, Zhihang"]
[Result "0-1"]
[WhiteElo "2548"]
[BlackElo "2508"]
[PlyCount "106"]
[EventDate "2023.05.29"]
[EventType "k.o. (rapid)"]
[EventRounds "5"]
[EventCountry "CHN"]
[SourceTitle "CBM 214 Extra"]
[Source "ChessBase"]
[SourceDate "2023.07.31"]
[SourceVersion "1"]
[SourceVersionDate "2023.07.31"]
[SourceQuality "1"]

1. c4 Nf6 2. Nf3 g6 3. g3 c6 4. Bg2 Bg7 5. 0-0 0-0 6. b3 d6 7. d4 e5 8. dxe5 dxe5 9. Ba3 Qxd1 10. Rxd1 Re8 11. Nc3 e4 12. Nd4 Nbd7 13. e3 h5 14. h3 Nf8 15. Rd2 g5 16. Rad1 Ng6 17. Bd6 Ne5 18. Bxe5 Rxe5 19. Nde2 Bf5 20. Rd8+ Re8 21. Rxa8 Rxa8 22. Rd6 Kf8 23. h4 Ke7 24. Rd4 Nd7 25. Rd2 gxh4 26. gxh4 Bxc3 27. Nxc3 Rg8 28. Kf1 Nf6 29. Rd4 c5 30. Nd5+ Ke6 31. Nxf6 Kxf6 32. Rd6+ Be6 33. f4 exf3 34. Bxf3 Ke5 35. Rd2 Rg3 36. Kf2 Rh3 37. Kg2 Rxh4 38. Bxb7 Rg4+ 39. Kh2 h4 40. Rg2 Rxg2+ 41. Bxg2 Bf5 42. Bd5 f6 43. a3 a5 44. Bc6 Bc2 45. Kh3 Bxb3 46. Bd5 f5 47. Kxh4 f4 48. exf4+ Kxf4 49. Kh3 Ke3 50. Kg3 Kd4 51. Kf2 Bxc4 52. Bc6 Kc3 53. Ke3 Bb3 0-1

[Event "CHN-chT"]
[Site "Hangzhou"]
[Date "2023.05.23"]
[Round "5.1"]
[White "Liu, Yan"]
[Black "Li, Chao B"]
[Result "1/2-1/2"]
[WhiteElo "2548"]
[BlackElo "2666"]
[PlyCount "62"]
[EventDate "2023.05.19"]
[EventType "team-swiss"]
[EventRounds "9"]
[EventCountry "CHN"]
[SourceTitle "CBM 214 Extra"]
[Source "ChessBase"]
[SourceDate "2023.07.31"]
[SourceVersion "1"]
[SourceVersionDate "2023.07.31"]
[SourceQuality "1"]
[WhiteTeam "Chongqing"]
[BlackTeam "Beijing"]
[WhiteTeamCountry "CHN"]
[BlackTeamCountry "CHN"]

1. d4 Nf6 2. c4 g6 3. Nc3 d5 4. cxd5 Nxd5 5. e4 Nxc3 6. bxc3 Bg7 7. Nf3 c5 8. Bb5+ Nc6 9. 0-0 0-0 10. Be3 cxd4 11. cxd4 Bg4 12. Bxc6 bxc6 13. Rc1 Qd7 14. h3 Bxf3 15. Qxf3 Rab8 16. e5 Rb2 17. Qxc6 Qxc6 18. Rxc6 Rxa2 19. Rfc1 h6 20. Rc8 e6 21. Rxf8+ Bxf8 22. Rc8 Kg7 23. Bxh6+ Kxh6 24. Rxf8 Kg7 25. Ra8 g5 26. g4 Ra4 27. Kg2 Rxd4 28. Rxa7 Rd5 29. Kg3 Rxe5 30. h4 gxh4+ 31. Kxh4 Re4 1/2-1/2

[Event "CHN-chT"]
[Site "Hangzhou"]
[Date "2023.05.19"]
[Round "1.1"]
[White "Zhao, Yuanhe"]
[Black "Liu, Yan"]
[Result "1/2-1/2"]
[WhiteElo "2463"]
[BlackElo "2548"]
[PlyCount "62"]
[EventDate "2023.05.19"]
[EventType "team-swiss"]
[EventRounds "9"]
[EventCountry "CHN"]
[SourceTitle "CBM 214 Extra"]
[Source "ChessBase"]
[SourceDate "2023.07.31"]
[SourceVersion "1"]
[SourceVersionDate "2023.07.31"]
[SourceQuality "1"]
[WhiteTeam "Chengdu"]
[BlackTeam "Chongqing"]
[WhiteTeamCountry "CHN"]
[BlackTeamCountry "CHN"]

1. Nf3 Nf6 2. c4 b6 3. b3 c5 4. Bb2 Bb7 5. e3 e6 6. Be2 Be7 7. 0-0 0-0 8. d4 cxd4 9. Nxd4 Nc6 10. Nc3 Nxd4 11. Qxd4 Bc5 12. Qf4 Qb8 13. Qxb8 Raxb8 14. Rfd1 d5 15. cxd5 Nxd5 16. Bc4 Nxc3 17. Bxc3 Rfd8 18. a4 a5 19. Kf1 Kf8 20. Rac1 Ba3 21. Ra1 Bc5 22. h4 Ke7 23. Bxg7 Bxg2+ 24. Kxg2 Rxd1 25. Rxd1 Rg8 26. f4 Rxg7+ 27. Kf3 Rg8 28. h5 h6 29. Bb5 Rd8 30. Rxd8 Kxd8 31. Bc4 Ke7 1/2-1/2

[Event "CHN-chT"]
[Site "Nanjing"]
[Date "2023.02.22"]
[Round "9.1"]
[White "Liu, Yan"]
[Black "Xu, Xiangyu"]
[Result "1/2-1/2"]
[WhiteElo "2535"]
[BlackElo "2578"]
[PlyCount "68"]
[EventDate "2023.02.14"]
[EventType "team-swiss"]
[EventRounds "9"]
[EventCountry "CHN"]
[SourceTitle "CBM 212 Extra"]
[Source "ChessBase"]
[SourceDate "2023.03.31"]
[SourceVersion "1"]
[SourceVersionDate "2023.03.31"]
[SourceQuality "1"]
[WhiteTeam "Chongqing"]
[BlackTeam "Chengdu"]
[WhiteTeamCountry "CHN"]
[BlackTeamCountry "CHN"]

1. d4 Nf6 2. c4 e6 3. g3 d5 4. Bg2 Be7 5. Nf3 0-0 6. 0-0 dxc4 7. Qc2 a6 8. a4 Bd7 9. Ne5 Bc6 10. Nxc6 Nxc6 11. e3 Na5 12. Nd2 c5 13. dxc5 Rc8 14. b4 cxb3 15. Nxb3 Nxb3 16. Qxb3 Nd7 17. Ba3 Nxc5 18. Bxc5 Bxc5 19. Qxb7 a5 20. Rfd1 Qc7 21. Qxc7 Rxc7 22. Rac1 Rfc8 23. Rc2 g6 24. Rdc1 Bd6 25. Rxc7 Rxc7 26. Rxc7 Bxc7 27. h3 h5 28. g4 hxg4 29. hxg4 f5 30. gxf5 gxf5 31. f4 e5 32. fxe5 Bxe5 33. Bh3 f4 34. exf4 Bxf4 1/2-1/2